000 00611nam a2200229Ia 4500
003 OSt
005 20221005114019.0
006 a|||||r|||| 00| 0
007 ta
008 221004b |||||||| |||| 00| 0 eng d
024 _a67152
037 _cTextual
040 _aCRL
_cCRL
_beng
041 _2eng
_aeng
082 _aV7:5:N5, J6
100 _aAMERICAN. First word
_9625321
245 0 _aAmerican heritage reader
_b Selections from the maganize of history
260 _c1956
650 _aHISTORY
942 _hV7:5:N5, J6
_cTEXL
_2cc
999 _c1030013
_d1030013